BIBLIOTECA PODER JUDICIAL
Portal Judicial TDF

Una lectura de la ley 27.610 y su interacción con el Código Civil y Comercial de la Nación a 10 años de su vigencia : (Registro nro. 6263)

000 -LEADER
fixed length control field 01411nab a22002177a 4500
003 - CONTROL NUMBER IDENTIFIER
control field OSt
005 - DATE AND TIME OF LATEST TRANSACTION
control field 20260128014313.0
008 - FIXED-LENGTH DATA ELEMENTS--GENERAL INFORMATION
fixed length control field 190514b xxu||||| |||| 00| 0 spa d
040 ## - CATALOGING SOURCE
Transcribing agency PJ
100 ## - MAIN ENTRY--PERSONAL NAME
9 (RLIN) 4388
Personal name Palacios, Agustina
245 10 - TITLE STATEMENT
Title Una lectura de la ley 27.610 y su interacción con el Código Civil y Comercial de la Nación a 10 años de su vigencia :
Remainder of title avances y desafíos en materia de capacidad jurídica, a la luz de la Convención Internacional sobre los Derechos de las Personas con Discapacidad /
Statement of responsibility, etc Agustina Palacios.
300 ## - PHYSICAL DESCRIPTION
Extent p. 142-157
500 ## - GENERAL NOTE
General note Cita: TR LALEY AR/DOC/2510/2025.
505 ## - FORMATTED CONTENTS NOTE
Formatted contents note Sumario: I. A modo de introducción.— II. Un repaso al contexto nacional.— III. Recomendaciones del Comité Internacional sobre los Derechos de las Personas con Discapacidad.— IV. La Nota Técnica Nro. 11 de la Dirección de Salud Sexual y Reproductiva (Ministerio de Salud).— V. Una ¿relectura? de la IVE a la luz de los estándares del derecho internacional de los derechos humanos.— VI. A modo de breves conclusiones.
505 ## - FORMATTED CONTENTS NOTE
Title Si te interesa el texto, comunicate a koha@justierradelfuego.gov.ar
650 #0 - SUBJECT ADDED ENTRY--TOPICAL TERM
9 (RLIN) 967
Topical term or geographic name as entry element DERECHO DE FAMILIA
650 #0 - SUBJECT ADDED ENTRY--TOPICAL TERM
9 (RLIN) 1497
Topical term or geographic name as entry element CODIGO CIVIL Y COMERCIAL
650 #0 - SUBJECT ADDED ENTRY--TOPICAL TERM
9 (RLIN) 3271
Topical term or geographic name as entry element PERSONAS CON DISCAPACIDAD
773 0# - HOST ITEM ENTRY
Host Biblionumber 2844
Host Itemnumber 3222
Place, publisher, and date of publication Buenos Aires : AbeledoPerrot, 1989-
Title Derecho de familia. N° 122 - Noviembre 2025
International Standard Book Number 18511201
942 ## - ADDED ENTRY ELEMENTS (KOHA)
Source of classification or shelving scheme
Koha item type Analítica Artículo de Revista

No hay ítems disponibles.

12 de Octubre 789 Ushuaia - Tel:  54(02901)441571
Horario de Atención: 8.00 a 17.00 hs. 
bibliotecaush@justierradelfuego.gov.ar
koha@justierradelfuego.gov.ar
Seguinos en nuestras redes @bibliojustdf 

Con tecnología Koha